| 000 | 02717cam a2200325 a 4500 | ||
|---|---|---|---|
| 003 | EG-GiCUC | ||
| 005 | 20250223032801.0 | ||
| 008 | 210809s2021 ua f m 000 0 eng d | ||
| 040 |
_aEG-GiCUC _beng _cEG-GiCUC |
||
| 041 | 0 | _aeng | |
| 049 | _aDeposite | ||
| 097 | _aM.Sc | ||
| 099 | _aCai01.03.04.M.Sc.2021.Ay.E | ||
| 100 | 0 | _aAya Mohamed Ahmed Fawzy Karawia | |
| 245 | 1 | 4 |
_aThe European union policy towards the political settlement of the Kurdish Issue : _bA case study of the Kurdish Issue in Turkey / _cAya Mohamed Ahmed Fawzy Karawia ; Supervised Ayman Eldessouki |
| 246 | 1 | 5 |
_aسياسة الاتحاد الأوروبى تجاه التسوية السياسية للقضية الكردية : _bدراسة حالة للقضية الكردية فى تركيا |
| 260 |
_aCairo : _bAya Mohamed Ahmed Fawzy Karawia , _c2021 |
||
| 300 |
_a119 P. ; _c25cm |
||
| 502 | _aThesis (M.Sc.) - Cairo University - Faculty of Economics and Political Science - Department of Political Science. | ||
| 520 | _aThis thesis seeks to analyse the European Union{u2019}s role in resolving the Kurdish question. It sheds light on the different tools used by the EU in solving the question. In particular, the thesis seeks to answer the following question: How did the European Union played a role in solving the Kurdish issue in Turkey? The purpose of this thesis is to test the efficiency of the tools used by the European Union within its external policies frame. Also, the thesis tries to reach an explanation to the motives and interests lying behind the Union{u2019}s intervention in such conflict.The thesis starts with a narrative to the evolution of the European Union policies towards the Middle East, then the discussion develops to examination of the EU{u2019}s external policies towards conflict resolution and peacebuilding in third countries. Afterwards, the thesis probes on the role practiced by the European Union towards protection of ethnic minorities, and more precisely, the EU{u2019}s role concerning the Kurds within Turkey.The topic was chosen as the relevance of evolution of intra-state conflicts, and which affects third countries and could be affected at the same time by external factors.The goal is not only to study conflicts, but also to point out the consequences and rely on such information to generate scenarios about future developments and better conflict-addressing | ||
| 530 | _aIssued also as CD | ||
| 653 | 4 | _aEuropean union | |
| 653 | 4 | _aKurdish Issue | |
| 653 | 4 | _aPolitical settlement | |
| 700 | 0 |
_aAyman Eldessouki , _eSupervisor |
|
| 856 | _uhttp://172.23.153.220/th.pdf | ||
| 905 |
_aNazla _eRevisor |
||
| 905 |
_aShimaa _eCataloger |
||
| 942 |
_2ddc _cTH |
||
| 999 |
_c81667 _d81667 |
||